Europa League : les finalistes au 21ème siècle - Statistiques

Statistiques générales
  • Ce quiz a été pris 114 fois
  • Le résultat moyen est 12 sur 21
Statistiques - réponses
Année Vainqueur Perdant % Correct
2018 Atletico Madrid Olympique de Marseille
96%
2004 FC Valence Olympique de Marseille
96%
2021 Villareal Manchester United
86%
2019 Chelsea Arsenal
85%
2016 FC Séville Liverpool
78%
2017 Manchester United Ajax Amsterdam
77%
2014 FC Séville Benfica
73%
2013 Chelsea Benfica
73%
2020 FC Séville Inter Milan
68%
2002 Feyenoord Borussia Dortmund
66%
2005 CSKA Moscou Sporting
48%
2003 FC Porto Celtic Glasgow
44%
2008 Zénith St-Petersbourg Glasgow Rangers
44%
2011 Porto Braga
41%
2012 Atletico Madrid Athletic Bilbao
38%
2007 FC Séville Espanyol Barcelone
37%
2009 Shakthar Donetsk Werder Breme
28%
2015 FC Séville Dnipro
26%
2010 Atletico Madrid Fulham
26%
2001 Liverpool Alaves
14%
2006 FC Séville Middlesbrough
11%
Aucun quiz correspondant
Distribution des résultats
% des personnes avec chaque résultat
Percentile par nombre de réponses
Votre historique - résultats
Vous n’avez pas pris ce quiz